[Event "18eme open"]
[Site "Louviers"]
[Date "2015.10.31"]
[Round "1"]
[White "Joslin, Jerome"]
[Black "Cassiau, Kevin"]
[Result "1-0"]
[WhiteElo "2072"]
[BlackElo "1520"]
[PlyCount "53"]
[EventDate "2012.05.13"]
[SourceDate "2015.11.07"]

1. d4 Nf6 2. c4 e5 3. dxe5 Ng4 4. e4 Nxe5 5. f4 Ng6 6. Be3 Bb4+ 7. Nd2 Qe7 8.
Qc2 O-O 9. O-O-O d6 10. Ngf3 Re8 11. b3 b5 12. cxb5 a6 13. a3 Ba5 14. f5 Nf8
15. Nc4 axb5 16. Nxa5 Rxa5 17. Bd2 b4 18. Bxb4 Ra7 19. e5 Rd8 20. Bc4 Na6 21.
Bc3 c6 22. exd6 Rxd6 23. Rde1 Qd7 24. g4 Nc5 25. Ne5 Qc7 26. Bb4 Qb6 27. Bxc5
1-0

[Event "18eme open Louviers"]
[Site "?"]
[Date "2015.10.31"]
[Round "1"]
[White "Le Duc, Johann"]
[Black "Vincent, Didier"]
[Result "0-1"]
[WhiteElo "1516"]
[BlackElo "2024"]
[PlyCount "40"]
[EventDate "2012.05.13"]
[SourceDate "2015.11.07"]

1. e4 e5 2. f4 exf4 3. Nf3 d5 4. exd5 Nf6 5. Bc4 Nxd5 6. O-O Be7 7. Qe2 Nc6 8.
Nc3 Be6 9. Bb5 O-O 10. Bxc6 bxc6 11. Ne5 Bd6 12. d4 c5 13. Ne4 cxd4 14. Nc6 Qd7
15. Nxd4 Bg4 16. Qc4 Nb6 17. Qb3 Be5 18. Nf3 Bd4+ 19. Nxd4 Qxd4+ 20. Nf2 Be2
0-1

[Event "18eme open Louviers"]
[Site "?"]
[Date "2015.10.31"]
[Round "1"]
[White "Boursier, Xavier"]
[Black "Bekkaye, Mohammed"]
[Result "1-0"]
[WhiteElo "1996"]
[BlackElo "1487"]
[PlyCount "71"]
[EventDate "2012.05.13"]
[SourceDate "2015.11.07"]

1. e4 e6 2. d3 d5 3. Nd2 Nf6 4. Ngf3 c5 5. g3 Nc6 6. Bg2 Qb6 7. O-O Be7 8. c3
O-O 9. Re1 Re8 10. e5 Nd7 11. Nf1 f6 12. exf6 Nxf6 13. b3 Bd7 14. Bg5 Rad8 15.
h4 Ng4 16. Bxe7 Rxe7 17. Ng5 h5 18. Bf3 Nce5 19. Be2 Rf8 20. f4 c4+ 21. d4 Nd3
22. Bxd3 cxd3 23. Qxd3 Rf5 24. Ne3 Bb5 25. Qc2 Nxe3 26. Rxe3 Qd6 27. Rae1 Bd7
28. Qe2 g6 29. Nxe6 Kf7 30. Ng5+ Rxg5 31. Rxe7+ Kf6 32. hxg5+ Kf5 33. Qd3+ Kg4
34. Kg2 h4 35. Qf3+ Kf5 36. R1e5+ 1-0

[Event "18eme open Louviers"]
[Site "?"]
[Date "2015.10.31"]
[Round "1"]
[White "Grenet, Dominique"]
[Black "Garcia, Adrien"]
[Result "0-1"]
[WhiteElo "1458"]
[BlackElo "1908"]
[PlyCount "30"]
[EventDate "2012.05.13"]
[SourceDate "2015.11.07"]

1. e4 Nc6 2. Nf3 Nf6 3. Nc3 d5 4. Bb5 dxe4 5. Ne5 Qd6 6. Nc4 Qc5 7. Ne3 Bd7 8.
Bxc6 Bxc6 9. O-O e6 10. b3 Bd6 11. Bb2 h5 12. Ne2 O-O-O 13. a4 Ng4 14. Nxg4
hxg4 15. g3 Qh5 0-1

[Event "18eme open Louviers"]
[Site "?"]
[Date "2015.10.31"]
[Round "1"]
[White "Abdat, Rachid"]
[Black "Quevauvilliers, Philippe"]
[Result "1-0"]
[WhiteElo "1900"]
[BlackElo "1448"]
[PlyCount "56"]
[EventDate "2012.05.13"]
[SourceDate "2015.11.07"]

1. e4 e5 2. Nf3 Nc6 3. Bc4 h6 4. O-O Nf6 5. d4 exd4 6. e5 Ne4 7. Bd5 Nc5 8.
Nxd4 Nxe5 9. Re1 Bd6 10. f4 Ne6 11. fxe5 Bc5 12. Be3 O-O 13. Nc3 c6 14. Bb3 Qb6
15. Na4 Qc7 16. Nxc5 Nxc5 17. Nf3 Ne6 18. Qd6 Qd8 19. Rad1 Re8 20. c3 b6 21.
Nd4 Nc5 22. Nxc6 Qh4 23. Bxc5 bxc5 24. Qd5 Rf8 25. Ne7+ Kh7 26. Qxa8 Qxe7 27.
Qe4+ g6 28. Rd6 Qh4 1-0

[Event "18eme open Louviers"]
[Site "?"]
[Date "2015.10.31"]
[Round "1"]
[White "Blasco, David"]
[Black "Lacour, Cedric"]
[Result "0-1"]
[WhiteElo "1443"]
[BlackElo "1886"]
[PlyCount "58"]
[EventDate "2012.05.13"]
[SourceDate "2015.11.07"]

1. e4 c5 2. Nc3 Nc6 3. f4 d6 4. Bb5 Bd7 5. Nf3 g6 6. d3 Bg7 7. O-O e6 8. Bxc6
Bxc6 9. a4 Ne7 10. Qe1 O-O 11. Qh4 a6 12. f5 exf5 13. Bh6 fxe4 14. Ng5 Nf5 15.
Rxf5 gxf5 16. Bxg7 Kxg7 17. Qg3 Qf6 18. Ne6+ Kh8 19. Nxf8 Rxf8 20. dxe4 fxe4
21. Rd1 Rd8 22. Qe3 Qe5 23. a5 f5 24. g3 Rg8 25. Kf2 Rf8 26. Ne2 c4 27. c3 Rf6
28. Qb6 d5 29. Rd2 Be8 0-1

[Event "18eme open Louviers"]
[Site "?"]
[Date "2015.10.31"]
[Round "1"]
[White "Hatton, Christian"]
[Black "Pineau, Patrick"]
[Result "1-0"]
[WhiteElo "1859"]
[BlackElo "1420"]
[PlyCount "121"]
[EventDate "2012.05.13"]
[SourceDate "2015.11.07"]

1. d4 c5 2. d5 d6 3. c4 e5 4. dxe6 Bxe6 5. Nc3 Bxc4 6. Qa4+ b5 7. Nxb5 Bxb5 8.
Qxb5+ Qd7 9. Qxd7+ Nxd7 10. e4 Ngf6 11. Bd3 Be7 12. Ne2 O-O 13. Be3 Ne5 14. Bc2
Nc4 15. Bc1 Ng4 16. b3 Bf6 17. Rb1 Na5 18. f3 Ne5 19. O-O Nac6 20. a3 a5 21.
Bb2 Nd7 22. Rfd1 Be7 23. Nf4 Nb6 24. Nh5 Ne5 25. Nxg7 Kxg7 26. f4 f6 27. fxe5
dxe5 28. Rd3 c4 29. Rg3+ Kh8 30. Bc1 Rfd8 31. Be3 Nc8 32. b4 axb4 33. axb4 Nd6
34. Bh6 Rg8 35. Rxg8+ Kxg8 36. b5 Nb7 37. Be3 Bc5 38. Bxc5 Nxc5 39. b6 Nb7 40.
Kf2 Rd8 41. Ke3 Kg7 42. Rb5 c3 43. Rd5 Kg6 44. Rxd8 Nxd8 45. Kd3 Nb7 46. Kxc3
Kf7 47. Bb3+ Ke7 48. Bd5 Nc5 49. b7 Nxb7 50. Bxb7 Kd6 51. Kd3 Kc5 52. Bd5 h6
53. g4 Kd6 54. Bf7 Ke7 55. Bg6 Kd6 56. Kc4 Kc6 57. Bf5 Kd6 58. Kb5 Kc7 59. Kc5
Kd8 60. Kd6 Ke8 61. Ke6 1-0

[Event "18eme open Louviers"]
[Site "?"]
[Date "2015.10.31"]
[Round "1"]
[White "Mergen, Bat"]
[Black "Josse, Sebastien"]
[Result "1-0"]
[WhiteElo "1399"]
[BlackElo "1774"]
[PlyCount "76"]
[EventDate "2012.05.13"]
[SourceDate "2015.11.07"]

1. d4 d5 2. c4 e6 3. Nf3 Nf6 4. g3 Be7 5. Bg2 O-O 6. O-O Nbd7 7. b3 c6 8. Bb2
Re8 9. Nbd2 Ne4 10. Nxe4 dxe4 11. Ne5 f5 12. e3 Bf6 13. f4 c5 14. g4 g6 15. g5
Bg7 16. h4 cxd4 17. exd4 Bxe5 18. fxe5 Qb6 19. c5 Qc6 20. b4 b6 21. h5 Ba6 22.
Re1 Rad8 23. hxg6 hxg6 24. Qb3 bxc5 25. dxc5 Bb7 26. Rac1 a6 27. Red1 Qb5 28.
Bf1 Qc6 29. Rd6 Qc7 30. Rxe6 Kg7 31. Rxe8 Rxe8 32. e6+ Ne5 33. c6 Bc8 34. Rc5
Rxe6 35. Rxe5 Rxe5 36. Qc3 Qb6+ 37. Kg2 Kh7 38. Qxe5 Qa7 1-0

[Event "18eme open Louviers"]
[Site "?"]
[Date "2015.10.31"]
[Round "1"]
[White "Lautier, Eric"]
[Black "Mallet, Guillaume"]
[Result "1-0"]
[WhiteElo "1719"]
[BlackElo "1333"]
[PlyCount "49"]
[EventDate "2012.05.13"]
[SourceDate "2015.11.07"]

1. e4 e5 2. Nf3 Nc6 3. Bb5 d6 4. O-O Nf6 5. Nc3 Bd7 6. d4 exd4 7. Nxd4 Nxd4 8.
Bxd7+ Qxd7 9. Qxd4 Be7 10. Bg5 c5 11. Qd3 O-O 12. Rad1 Rad8 13. e5 Qg4 14. exf6
Bxf6 15. Bxf6 gxf6 16. Ne4 Qg6 17. Qf3 f5 18. Ng3 h6 19. Nxf5 Rd7 20. Rfe1 Qf6
21. Qh3 Kh7 22. Nxh6 Qxh6 23. Qxd7 Qh5 24. Rd3 Rg8 25. Rh3 1-0

[Event "18eme open Louviers"]
[Site "?"]
[Date "2015.10.31"]
[Round "1"]
[White "Hauchard, Remi"]
[Black "Vappereau, Xavier"]
[Result "0-1"]
[WhiteElo "1330"]
[BlackElo "1691"]
[PlyCount "44"]
[EventDate "2012.05.13"]
[SourceDate "2015.11.07"]

1. e4 c5 2. Nf3 d6 3. d4 cxd4 4. c3 dxc3 5. Nxc3 Nc6 6. e5 Nxe5 7. Nxe5 dxe5 8.
Qxd8+ Kxd8 9. Be3 Nf6 10. Rd1+ Bd7 11. Nb5 e6 12. a3 Nd5 13. Nxa7 Nxe3 14. fxe3
Rxa7 15. Bb5 b6 16. O-O f5 17. Kh1 Bc5 18. e4 Rf8 19. g4 fxe4 20. Rxf8+ Bxf8
21. Kg2 Bc5 22. g5 Bd4 0-1

[Event "18eme open Louviers"]
[Site "?"]
[Date "2015.10.31"]
[Round "1"]
[White "Naji, Nil"]
[Black "Defranoux, Pascal"]
[Result "1-0"]
[WhiteElo "1675"]
[BlackElo "1290"]
[PlyCount "57"]
[EventDate "2012.05.13"]
[SourceDate "2015.11.07"]

1. e4 e5 2. Nf3 d6 3. d4 exd4 4. Nxd4 Be7 5. Nc3 Bd7 6. Be3 a6 7. Qd2 f6 8. Be2
c5 9. Nf5 Bxf5 10. exf5 Qd7 11. Nd5 Qc6 12. O-O Nd7 13. Bf3 Qc8 14. Rfe1 Ne5
15. Be4 Rb8 16. Rad1 Bd8 17. Nf4 Ne7 18. Qxd6 Qc7 19. Qxc7 Bxc7 20. Ne6 Bd6 21.
Rxd6 Nc4 22. Nc7+ Kf8 23. Rd7 b6 24. Nxa6 Ne5 25. Nxb8 Nxd7 26. Nxd7+ Kf7 27.
Nxb6 c4 28. Nxc4 Rc8 29. Nd6+ 1-0

[Event "18eme open Louviers"]
[Site "?"]
[Date "2015.10.31"]
[Round "1"]
[White "Troppee, Kevin"]
[Black "Totain, Christian"]
[Result "0-1"]
[WhiteElo "1270"]
[BlackElo "1660"]
[PlyCount "84"]
[EventDate "2012.05.13"]
[SourceDate "2015.11.07"]

1. c4 Nf6 2. Nc3 e6 3. e3 Nc6 4. d4 d5 5. Nf3 Bb4 6. a3 Be7 7. c5 b6 8. b4 Rb8
9. Bb5 Bd7 10. Bxc6 Bxc6 11. Ne5 Ba8 12. c6 O-O 13. Nd7 Nxd7 14. cxd7 Qxd7 15.
O-O Bf6 16. f4 c5 17. bxc5 bxc5 18. Ne2 Bc6 19. Qd2 Bb5 20. Rb1 cxd4 21. Nxd4
Bxf1 22. Rxb8 Rxb8 23. Kxf1 e5 24. fxe5 Bxe5 25. Kg1 Qd6 26. g3 Qc5 27. Bb2
Bxd4 28. exd4 Qc6 29. Qa5 Qb6 30. Qxb6 Rxb6 31. Bc3 Rc6 32. Bb4 f6 33. Bc5 a6
34. Kf2 Re6 35. a4 Kf7 36. a5 Re4 37. h4 f5 38. Bb6 Kg6 39. Kf3 Kh5 40. Bc5 g5
41. hxg5 Kxg5 42. Be7+ Rxe7 0-1

[Event "18eme open Louviers"]
[Site "?"]
[Date "2015.10.31"]
[Round "1"]
[White "Arinal, Serge"]
[Black "Varigault, Nicole"]
[Result "1-0"]
[WhiteElo "1652"]
[BlackElo "1230"]
[PlyCount "95"]
[EventDate "2012.05.13"]
[SourceDate "2015.11.07"]

1. Nf3 e6 2. c4 Bc5 3. e3 Nf6 4. a3 O-O 5. b4 Be7 6. Bb2 d6 7. d4 Nbd7 8. Nc3
c6 9. Bd3 Re8 10. O-O Nf8 11. Ng5 b6 12. Nce4 g6 13. Nxf6+ Bxf6 14. Ne4 Ba6 15.
Qf3 Bg7 16. Rfd1 f5 17. Nc3 Bb7 18. Qg3 Qe7 19. Rab1 Rad8 20. Bc2 Ba6 21. Bb3
Qf7 22. d5 cxd5 23. cxd5 Bc8 24. Nb5 a6 25. Nxd6 Rxd6 26. Qxd6 Bxb2 27. Rxb2
Qf6 28. Rbd2 b5 29. Qc6 Bd7 30. Qxa6 Kg7 31. Qb7 e5 32. a4 Re7 33. d6 Re8 34.
a5 e4 35. a6 Qc3 36. Ba2 Qxb4 37. a7 Qa5 38. Bd5 b4 39. Ra2 Qb5 40. a8=Q Rxa8
41. Rxa8 Qe2 42. Raa1 Qb2 43. Be6 Nxe6 44. Qxd7+ Kf6 45. Qe7+ Ke5 46. d7 Qc3
47. Qd6+ Kf6 48. d8=Q+ 1-0

[Event "18eme open Louviers"]
[Site "?"]
[Date "2015.10.31"]
[Round "1"]
[White "Voegele, Francois-Marie"]
[Black "Soriano, Manon"]
[Result "0-1"]
[WhiteElo "1160"]
[BlackElo "1645"]
[PlyCount "54"]
[EventDate "2012.05.13"]
[SourceDate "2015.11.07"]

1. f4 c5 2. Nf3 Nf6 3. e3 Nc6 4. Be2 Qc7 5. O-O e5 6. fxe5 Nxe5 7. Nc3 d5 8. h3
Bd6 9. d3 Nxf3+ 10. Bxf3 Bh2+ 11. Kh1 Be6 12. d4 cxd4 13. exd4 O-O 14. Bd2 Rfe8
15. Re1 Qg3 16. Ne2 Qc7 17. c3 Bf5 18. Qc1 Ne4 19. Be3 Ng3+ 20. Nxg3 Qxg3 21.
Bg4 Be4 22. Bf3 Bxf3 23. gxf3 Qxh3 24. Qd1 Bg3+ 25. Kg1 Qh2+ 26. Kf1 Rxe3 27.
Rxe3 Qf2# 0-1

[Event "18eme open Louviers"]
[Site "?"]
[Date "2015.10.31"]
[Round "1"]
[White "Bailly, Thierry"]
[Black "Marie, Isabelle"]
[Result "1-0"]
[WhiteElo "1624"]
[BlackElo "1112"]
[PlyCount "65"]
[EventDate "2012.05.13"]
[SourceDate "2015.11.07"]

1. e4 e5 2. Nf3 Nc6 3. Bc4 d6 4. d3 Nf6 5. Ng5 d5 6. exd5 Nxd5 7. Qf3 Be6 8.
O-O Be7 9. Nxe6 fxe6 10. Nc3 Nxc3 11. bxc3 Qd7 12. Qh3 Nd8 13. Qh5+ Nf7 14. Qg4
g6 15. Qxe6 Qxe6 16. Bxe6 Rd8 17. Bxf7+ Kxf7 18. Bb2 Rhe8 19. f4 Bc5+ 20. Kh1
e4 21. d4 Bf8 22. Rae1 c5 23. f5 g5 24. Re2 Kf6 25. g4 cxd4 26. cxd4 Kf7 27.
Rfe1 Bb4 28. c3 Ba5 29. Rxe4 Rxe4 30. Rxe4 Re8 31. Rxe8 Kxe8 32. Kg2 Bd8 33.
Kf3 1-0

[Event "18eme open Louviers"]
[Site "?"]
[Date "2015.10.31"]
[Round "1"]
[White "Hauchard, Goran"]
[Black "Van Lingen, Guus"]
[Result "0-1"]
[WhiteElo "1110"]
[BlackElo "1590"]
[PlyCount "94"]
[EventDate "2012.05.13"]
[SourceDate "2015.11.07"]

1. e4 e5 2. Nf3 Nf6 3. Nc3 Bb4 4. a3 Bxc3 5. dxc3 d6 6. Bd3 Bg4 7. O-O O-O 8.
Bg5 Nbd7 9. Re1 c6 10. b4 Qc7 11. Bc4 d5 12. exd5 e4 13. h3 exf3 14. hxg4 Nxg4
15. Qxf3 Nge5 16. Qe2 Nxc4 17. Qxc4 Nb6 18. Qc5 Nxd5 19. Re7 Nxe7 20. Bxe7 Rfe8
21. Bd6 Qd7 22. Rd1 Re4 23. f3 Re6 24. c4 Rd8 25. Rf1 Rxd6 26. Qe5 Rd1 27. Rxd1
Qxd1+ 28. Kh2 Qd6 29. Qxd6 Rxd6 30. c5 Rd2 31. c3 Ra2 32. a4 Rxa4 33. g4 Ra2+
34. Kg3 Rc2 35. f4 Rxc3+ 36. Kh4 Rc4 37. Kg3 Rxb4 38. Kf3 a5 39. f5 a4 40. g5
a3 41. g6 fxg6 42. fxg6 hxg6 43. Kg3 a2 44. Kf3 a1=Q 45. Kg3 Qa3+ 46. Kf2 Rb2+
47. Kf1 Qa1# 0-1

[Event "18eme open Louviers"]
[Site "?"]
[Date "2015.10.31"]
[Round "1"]
[White "Roche, Jan-Francois"]
[Black "Maraine, Louis Ermiyas"]
[Result "1-0"]
[WhiteElo "1526"]
[BlackElo "1010"]
[PlyCount "47"]
[EventDate "2012.05.13"]
[SourceDate "2015.11.07"]

1. Nf3 c5 2. b3 d6 3. Bb2 Nc6 4. e3 Nf6 5. Bc4 h6 6. O-O g6 7. d4 cxd4 8. exd4
Bg7 9. Na3 O-O 10. Bd3 Bf5 11. Bxf5 gxf5 12. c4 d5 13. Nc2 Qc7 14. Ne3 e6 15.
Rc1 Rfb8 16. cxd5 Nxd5 17. Nxd5 exd5 18. Re1 a6 19. Qd3 Qd7 20. Nh4 Qc7 21.
Nxf5 Nb4 22. Qf3 Re8 23. Qg4 Rxe1+ 24. Rxe1 1-0

[Event "18eme open Louviers"]
[Site "?"]
[Date "2015.10.31"]
[Round "2"]
[White "Vappereau, Xavier"]
[Black "Joslin, Jerome"]
[Result "0-1"]
[WhiteElo "1691"]
[BlackElo "2072"]
[PlyCount "70"]
[EventDate "2012.05.13"]
[SourceDate "2015.11.07"]

1. c4 e5 2. Nc3 Nf6 3. Nf3 Nc6 4. g3 Bb4 5. Bg2 h6 6. d4 e4 7. Nd2 Qe7 8. e3 d6
9. O-O Bxc3 10. bxc3 Bg4 11. f3 exf3 12. Nxf3 O-O 13. Qd3 Rfe8 14. Bd2 Ne4 15.
Rae1 Na5 16. Bc1 Bf5 17. Nh4 Bh7 18. Bxe4 Bxe4 19. Qe2 Qe6 20. Ng2 Qxc4 21.
Qxc4 Nxc4 22. Nh4 a5 23. a3 Ra6 24. Nf3 Rb6 25. Nd2 Nxd2 26. Bxd2 Rb2 27. Rf2
Ra8 28. Ra1 a4 29. Be1 Rb3 30. Rf1 Ra6 31. Bd2 Rb2 32. Rf2 Rab6 33. c4 Rc2 34.
Ba5 Rxf2 35. Bxb6 Rg2+ 0-1

[Event "18eme open Louviers"]
[Site "?"]
[Date "2015.10.31"]
[Round "2"]
[White "Vincent, Didier"]
[Black "Naji, Nil"]
[Result "1-0"]
[WhiteElo "2024"]
[BlackElo "1675"]
[PlyCount "127"]
[EventDate "2012.05.13"]
[SourceDate "2015.11.08"]

1. e4 d6 2. d4 Nf6 3. Nc3 e5 4. dxe5 dxe5 5. Qxd8+ Kxd8 6. Bg5 Be6 7. h3 c6 8.
Nf3 Nbd7 9. a3 Bd6 10. Be3 Ke7 11. Ng5 Bc5 12. Bd2 Rad8 13. Nxe6 fxe6 14. Bd3
Rhf8 15. Rf1 h6 16. Na4 Bd4 17. Ke2 Rf7 18. c3 Bb6 19. Nxb6 axb6 20. b4 Nh5 21.
g3 Kd6 22. a4 Kc7 23. Bc4 Rf6 24. Be3 Rdf8 25. Rfd1 g5 26. Bb3 Ng7 27. Rd2 h5
28. Rad1 R6f7 29. c4 g4 30. h4 c5 31. b5 Nf6 32. Bc2 Ra8 33. Rd6 Nfe8 34. R6d3
Nf6 35. Ra3 Rd7 36. Rda1 Nge8 37. a5 bxa5 38. b6+ Kxb6 39. Rb1+ Kc7 40. Bxc5
Nd6 41. Bb6+ Kc8 42. Ba4 Ndxe4 43. Bxd7+ Nxd7 44. Be3 Kc7 45. Rb5 a4 46. Kd3
Nd6 47. Rb4 b5 48. cxb5 Nb7 49. Rc4+ Kd6 50. Ke2 Nbc5 51. Bxc5+ Nxc5 52. Rac3
a3 53. Rxc5 a2 54. Rc6+ Ke7 55. Rc1 a1=Q 56. Rxa1 Rxa1 57. Rc7+ Kd6 58. Rh7 Rb1
59. Rxh5 Rxb5 60. Rg5 Rb2+ 61. Kf1 Rb4 62. h5 Ke7 63. h6 Kf6 64. h7 1-0

[Event "18eme open Louviers"]
[Site "?"]
[Date "2015.10.31"]
[Round "2"]
[White "Totain, Christian"]
[Black "Boursier, Xavier"]
[Result "0-1"]
[WhiteElo "1660"]
[BlackElo "1996"]
[PlyCount "102"]
[EventDate "2012.05.13"]
[SourceDate "2015.11.08"]

1. d4 e6 2. c4 f5 3. Nf3 Nf6 4. Nc3 d5 5. Ne5 c6 6. a3 Ne4 7. g3 Bd6 8. e3 O-O
9. Bg2 Nxc3 10. bxc3 Bxe5 11. dxe5 Qa5 12. Qb3 dxc4 13. Qxc4 Qxe5 14. Qd4 Qc7
15. O-O e5 16. Qc4+ Kh8 17. e4 f4 18. Rd1 fxg3 19. hxg3 Nd7 20. Qd3 Nb6 21. Ra2
Be6 22. Rad2 Nc4 23. Ra2 Rfd8 24. Qe2 Rxd1+ 25. Qxd1 Ne3 26. Bxe3 Bxa2 27. Qd2
Bc4 28. f4 Rd8 29. Qc1 b6 30. fxe5 Qxe5 31. Bf4 Qh5 32. Qc2 Qd1+ 33. Qxd1 Rxd1+
34. Kf2 Ra1 35. e5 Ra2+ 36. Kg1 Be6 37. Bxc6 Rxa3 38. Bd2 Ra2 39. Be3 Kg8 40.
Kf1 Kf8 41. Ke1 Ke7 42. Bg5+ Kf7 43. Be3 Bc4 44. Bd4 Ke6 45. Be8 Rg2 46. Bc6
Rxg3 47. Kf2 Rg5 48. Kf3 Bd5+ 49. Bxd5+ Kxd5 50. Kf4 h6 51. c4+ Kxd4 0-1

[Event "18eme open Louviers"]
[Site "?"]
[Date "2015.10.31"]
[Round "2"]
[White "Garcia, Adrien"]
[Black "Arinal, Serge"]
[Result "1-0"]
[WhiteElo "1908"]
[BlackElo "1652"]
[PlyCount "103"]
[EventDate "2012.05.13"]
[SourceDate "2015.11.08"]

1. Nc3 Nf6 2. Nf3 e6 3. d4 d5 4. Bf4 Nbd7 5. Nb5 Bb4+ 6. c3 Ba5 7. e3 a6 8. Na3
c5 9. Nc2 Ne4 10. Bd3 Nxc3 11. bxc3 Bxc3+ 12. Nd2 Bxa1 13. Nxa1 cxd4 14. exd4
Qf6 15. Be3 O-O 16. Nf3 Qd8 17. O-O Nf6 18. Bg5 h6 19. Bh4 Bd7 20. Re1 Rc8 21.
Bb1 Rc4 22. Ne5 Ba4 23. Qd3 Qa5 24. f3 Rc3 25. Qd2 Nh7 26. Re3 Rfc8 27. Be1 Qb6
28. Bxh7+ Kxh7 29. Rxc3 Rxc3 30. Qxc3 Qb1 31. Qd3+ Qxd3 32. Nxd3 Bb5 33. Nb2 b6
34. Kf2 a5 35. a4 Be8 36. Nb3 f6 37. Ke3 Bc6 38. Bg3 Kg6 39. Bc7 b5 40. axb5
Bxb5 41. Nxa5 Bf1 42. g3 Bb5 43. Nd3 f5 44. Nb3 Kf7 45. Nbc5 g5 46. Ne5+ Ke7
47. Ba5 Be8 48. Bb4 Kf6 49. Ncd7+ Kg7 50. Bf8+ Kg8 51. Bxh6 g4 52. Nf6+ 1-0

[Event "18eme open Louviers"]
[Site "?"]
[Date "2015.10.31"]
[Round "2"]
[White "Soriano, Manon"]
[Black "Abdat, Rachid"]
[Result "1-0"]
[WhiteElo "1645"]
[BlackElo "1900"]
[PlyCount "87"]
[EventDate "2012.05.13"]
[SourceDate "2015.11.08"]

1. e4 e6 2. d4 d5 3. exd5 exd5 4. Bd3 Be7 5. h3 Nf6 6. Nf3 Nbd7 7. O-O O-O 8.
Re1 c5 9. c4 dxc4 10. Bxc4 Nb6 11. Bb3 Bf5 12. dxc5 Qxd1 13. Rxd1 Bxc5 14. Nc3
a5 15. Nh4 Be6 16. Bxe6 fxe6 17. Nf3 Nbd5 18. Nxd5 Nxd5 19. Bg5 h6 20. Bh4 Nf4
21. Ne5 Rf5 22. Nd3 Nxd3 23. Rxd3 Raf8 24. Rf1 g5 25. Bg3 h5 26. Rd2 e5 27. h4
Bd4 28. hxg5 Rxg5 29. Kh2 Rgf5 30. f3 b6 31. Bf2 Bxf2 32. Rdxf2 Kg7 33. Re2 Kf6
34. Rc1 Re8 35. Rc6+ Re6 36. Rc8 Ke7 37. Rec2 Rd6 38. Rh8 Rg5 39. Rc7+ Ke6 40.
Rc2 Kd7 41. Rh7+ Ke6 42. Re2 Rf5 43. f4 Rxf4 44. Rxh5 1-0

[Event "18eme open Louviers"]
[Site "?"]
[Date "2015.10.31"]
[Round "2"]
[White "Lacour, Cedric"]
[Black "Bailly, Thierry"]
[Result "1-0"]
[WhiteElo "1886"]
[BlackElo "1624"]
[PlyCount "69"]
[EventDate "2012.05.13"]
[SourceDate "2015.11.08"]

1. e4 e5 2. Nc3 Nf6 3. g3 Nc6 4. Bg2 Bc5 5. Nge2 d6 6. O-O Be6 7. d3 Qd7 8. Na4
Bb6 9. Nxb6 axb6 10. f4 Bg4 11. c3 h5 12. f5 h4 13. Bf3 hxg3 14. Nxg3 Bxf3 15.
Qxf3 O-O-O 16. b4 Rh3 17. Qe2 Rdh8 18. Rf2 Qe8 19. a4 Qg8 20. a5 Qh7 21. Nf1
Kd7 22. Be3 bxa5 23. b5 Ne7 24. Rxa5 Nc8 25. Qa2 g6 26. Kh1 Ng4 27. Re2 Nxe3
28. Nxe3 Rf8 29. Nd5 f6 30. Qc4 Kd8 31. fxg6 Qg7 32. Ra8 c6 33. bxc6 bxc6 34.
Qxc6 Qd7 35. Qb6+ {Derniers coups illisbles} 1-0

[Event "18eme open Louviers"]
[Site "?"]
[Date "2015.10.31"]
[Round "2"]
[White "Van Lingen, Guus"]
[Black "Hatton, Christian"]
[Result "1-0"]
[WhiteElo "1590"]
[BlackElo "1859"]
[PlyCount "73"]
[EventDate "2012.05.13"]
[SourceDate "2015.11.08"]

1. e4 d5 2. exd5 Nf6 3. Bb5+ Bd7 4. Bc4 Bg4 5. f3 Bf5 6. Nc3 Nbd7 7. Nge2 Nb6
8. Bb5+ Bd7 9. d3 Bxb5 10. Nxb5 Nbxd5 11. c4 Nb4 12. d4 c6 13. Nbc3 e6 14. a3
Na6 15. Bf4 Bd6 16. Bg5 h6 17. Bf4 Bxf4 18. Nxf4 Qd6 19. Nfe2 Nc7 20. O-O O-O
21. Ne4 Qe7 22. a4 Rfd8 23. Qc2 Rac8 24. Rfe1 e5 25. Nxf6+ Qxf6 26. dxe5 Qxe5
27. Ng3 Qc5+ 28. Kh1 Rd4 29. b3 Rcd8 30. Rad1 Qb4 31. Ne4 f5 32. Nc3 Rxd1 33.
Rxd1 Rxd1+ 34. Qxd1 Qxc3 35. h3 Qe5 36. Qd8+ Kh7 37. Qb8 1-0

[Event "18eme open Louviers"]
[Site "?"]
[Date "2015.10.31"]
[Round "2"]
[White "Roche, Jan-Francois"]
[Black "Lautier, Eric"]
[Result "0-1"]
[WhiteElo "1526"]
[BlackElo "1719"]
[PlyCount "50"]
[EventDate "2012.05.13"]
[SourceDate "2015.11.08"]

1. Nf3 Nf6 2. b3 Nc6 3. Bb2 e6 4. c4 Be7 5. g3 b6 6. Bg2 Bb7 7. O-O O-O 8. Nc3
d5 9. cxd5 exd5 10. d4 Re8 11. e3 a6 12. Qc2 Qd7 13. a3 h6 14. Rad1 Rad8 15. b4
Bf8 16. Rfe1 Qg4 17. Bc1 Bc8 18. Qb2 Qh5 19. Qe2 Bg4 20. h4 Ne4 21. Bb2 Bd6 22.
Kh2 Ng5 23. Rc1 Nxf3+ 24. Bxf3 Bxf3 25. Qf1 Qxh4+ 0-1

[Event "18eme open Louviers"]
[Site "?"]
[Date "2015.10.31"]
[Round "2"]
[White "Cassiau, Kevin"]
[Black "Mergen, Bat"]
[Result "0-1"]
[WhiteElo "1520"]
[BlackElo "1399"]
[PlyCount "116"]
[EventDate "2012.05.13"]
[SourceDate "2015.11.08"]

1. e4 c5 2. c3 Nf6 3. e5 Nd5 4. d4 cxd4 5. cxd4 e6 6. Nf3 Bb4+ 7. Bd2 Bxd2+ 8.
Qxd2 O-O 9. Bd3 Nc6 10. a3 f5 11. O-O a5 12. Nc3 Nxc3 13. Qxc3 d5 14. b4 a4 15.
Rfc1 Bd7 16. Rab1 Na7 17. b5 Rc8 18. Qb4 Rxc1+ 19. Rxc1 Qb6 20. Rc5 Rc8 21.
Rxc8+ Nxc8 22. Qxa4 Qc7 23. h3 h6 24. Qb3 g5 25. a4 b6 26. Qc2 Qxc2 27. Bxc2
Kf7 28. Kf1 Ke7 29. Ke2 Be8 30. Kd3 Kd8 31. Ne1 f4 32. Kc3 Kc7 33. Nd3 Ne7 34.
Nb4 Kb7 35. Na2 Nc8 36. Kb4 Na7 37. Nc3 Nc8 38. a5 bxa5+ 39. Kxa5 Nb6 40. Bd3
Bd7 41. Na4 Nxa4 42. Kxa4 Kb6 43. Bg6 Bxb5+ 44. Kb4 Bd7 45. Bf7 Bc8 46. Be8 Kc7
47. Kc5 Bb7 48. Ba4 Bc8 49. Bc6 Bd7 50. Bxd5 exd5 51. Kxd5 Bc6+ 52. Kc5 Bxg2
53. d5 Bxh3 54. d6+ Kd7 55. Kd5 Bf5 56. e6+ Bxe6+ 57. Ke4 Kxd6 58. Kf3 Ke5 0-1

[Event "18eme open Louviers"]
[Site "?"]
[Date "2015.10.31"]
[Round "2"]
[White "Josse, Sebastien"]
[Black "Hauchard, Remi"]
[Result "1-0"]
[WhiteElo "1774"]
[BlackElo "1330"]
[PlyCount "111"]
[EventDate "2012.05.13"]
[SourceDate "2015.11.08"]

1. e4 e5 2. Nf3 Nc6 3. Bc4 Be7 4. O-O d6 5. c3 Na5 6. Bb3 Nxb3 7. axb3 Nf6 8.
Re1 O-O 9. d4 Bg4 10. dxe5 Bxf3 11. Qxf3 dxe5 12. Rd1 Bd6 13. c4 Qe7 14. Nc3 c6
15. Bg5 Kh8 16. Rd3 Qe6 17. Bxf6 gxf6 18. Qh5 Rg8 19. Rad1 Bc5 20. Rd7 Qg4 21.
Qxg4 Rxg4 22. Rxf7 Rf4 23. Rd2 Bd4 24. Kf1 Be3 25. Re2 Bd4 26. g3 Rf3 27. Kg2
Rd3 28. Rc2 Bxc3 29. bxc3 Rad8 30. Rxf6 Rd2 31. Rxd2 Rxd2 32. Rf7 b6 33. Rxa7
Rd3 34. Rb7 b5 35. cxb5 cxb5 36. Rxb5 Rxc3 37. Rb7 Rd3 38. b4 Rd4 39. f3 Rd2+
40. Kh3 Rf2 41. Kg4 Rxh2 42. f4 exf4 43. gxf4 h5+ 44. Kf5 h4 45. Rd7 h3 46. e5
Rb2 47. e6 Rxb4 48. Kg6 Rb8 49. Rh7+ Kg8 50. Rxh3 Rb1 51. Kf6 Rb6 52. f5 Rc6
53. Rd3 Rc8 54. Rg3+ Kh7 55. Kf7 Kh6 56. e7 1-0

[Event "18eme open Louviers"]
[Site "?"]
[Date "2015.10.31"]
[Round "2"]
[White "Defranoux, Pascal"]
[Black "Le Duc, Johann"]
[Result "0-1"]
[WhiteElo "1290"]
[BlackElo "1516"]
[PlyCount "38"]
[EventDate "2012.05.13"]
[SourceDate "2015.11.08"]

1. e4 d5 2. d4 e6 3. Bd2 c5 4. c3 dxe4 5. Be3 cxd4 6. cxd4 Nf6 7. a3 Be7 8. Bc4
O-O 9. Nc3 a6 10. h3 b5 11. Bb3 Bb7 12. Nge2 Qd7 13. O-O Rd8 14. Qc2 Nc6 15.
Rad1 Rac8 16. d5 exd5 17. Nxd5 Nxd5 18. Bxd5 Nd4 19. Bxf7+ Kxf7 0-1